00695nam a2200229 a 450000100060000000300080000600500170001400800410003103500190007204000260009104100080011708200220012510000540014724500710020125000120027226000380028430000280032250400460035050500210039665000120041770000360042968630BD-RjUL20211209081807.0170404s1972 enka 001 0 eng d a(BD-RjUL)68840 aBD-RjULbengcBD-RjUL aeng 223a590bPAT 19721 aParker, T. Jefferyq(Thomas Jeffery),d1850-1897.10aTextbook of zoology /cby T. Jeffery Parker and William A. Haswell a7th Ed. aLondon :bMacmillan,c1972, 1977. a2 V. :bill. ;c25 cm. aBibliography p. 839-846. - Includes index aVol. 1 -- V.2.-- 0aZoology1 aHaswell, William A.d1854-1925.